Functional and constraint programming : 20th International Workshop, WFIP 2011, Odense, Denmark, July 19th. proceedings /

Bibliographic Details
Corporate Author: International Workshop on Fuctional and (Constraint) Logic Programming Odense, Denmark)
Other Authors: Kuchen, Herbert
Format: Conference Proceeding eBook
Language:English
Published: New York : Springer, 2011.
Series:LNCS sublibrary. Theoretical computer science and general issues.
Lecture notes in computer science ; 6816.
Subjects:
Online Access:Connect to the full text of this electronic book

MARC

Tag First Indicator Second Indicator Subfields
LEADER 00000cam a2200000La 4500
001 in00002737745
005 20210728124629.0
006 m u
007 cr cn|
008 110609s2011 nyua ob 101 0 eng d
020 |a 3642225314 (electronic bk.) 
020 |a 9783642225314 (electronic bk.) 
020 |z 3642225306 (soft cover : alk. paper) 
020 |z 9783642225307 
035 |a (OCoLC)747413739 
035 |a (OCoLC)ocn747413739 
035 |a 3956952 
040 |a E7B  |b eng  |c E7B  |d OCLCQ  |d GW5XE  |d UtOrBLW 
049 |a TXAC 
050 4 |a QA76.62  |b .I58 2011eb 
082 0 4 |a 005.1/1  |2 23 
111 2 |a International Workshop on Fuctional and (Constraint) Logic Programming  |n (20th :  |d 2011 :  |c Odense, Denmark) 
245 1 0 |a Functional and constraint programming :  |b 20th International Workshop, WFIP 2011, Odense, Denmark, July 19th. proceedings /  |c Herbert Kuchen, (ed.). 
264 1 |a New York :  |b Springer,  |c 2011. 
300 |a 1 online resource. 
336 |a text  |b txt  |2 rdacontent 
337 |a computer  |b c  |2 rdamedia 
338 |a online resource  |b cr  |2 rdacarrier 
490 1 |a LNCS sublibrary. SL 1, Theoretical computer science and general issues 
490 1 |a Lecture notes in computer science,  |x 0302-9743 ;  |v 6816 
500 |a Electronic resource. 
504 |a Includes bibliographical references and index. 
588 |a Description based on print version record. 
650 0 |a Constraint programming (Computer science)  |v Congresses.  |0 http://id.loc.gov/authorities/subjects/sh2009120721 
650 0 |a Functional programming (Computer science)  |v Congresses.  |0 http://id.loc.gov/authorities/subjects/sh2008121322 
655 7 |a Electronic books.  |2 local 
700 1 |a Kuchen, Herbert. 
776 0 8 |i Print version:  |a International Workshop on Fuctional and (Constraint) Logic Programming (20th : 2011 : Odense, Denmark).  |t Functional and constraint programming.  |d New York : Springer, 2011  |w (DLC) 2011931683 
830 0 |a LNCS sublibrary.  |n SL 1,  |p Theoretical computer science and general issues.  |0 http://id.loc.gov/authorities/names/no2007042902 
830 0 |a Lecture notes in computer science ;  |v 6816.  |x 0302-9743  |0 http://id.loc.gov/authorities/names/n42015162 
856 4 0 |u http://proxy.library.tamu.edu/login?url=https://dx.doi.org/10.1007/978-3-642-22531-4  |z Connect to the full text of this electronic book  |t 0 
994 |a 92  |b TXA 
999 |a MARS 
999 f f |s fc6f8bd9-238b-318f-873a-8932dbb62c29  |i 2f76f127-639b-3df7-8faf-dd5c188c697e  |t 0 
952 f f |a Texas A&M University  |b College Station  |c Electronic Resources  |d Available Online  |t 0  |e QA76.62 .I58 2011eb  |h Library of Congress classification 
998 f f |a QA76.62 .I58 2011eb  |t 0  |l Available Online